Man and culture : (Record no. 33651)
[ view plain ]
| 000 -LEADER | |
|---|---|
| fixed length control field | 00822cam a22002771 4500 |
| 001 - CONTROL NUMBER | |
| control field | 33651 |
| 003 - CONTROL NUMBER IDENTIFIER | |
| rucl marc code | BD-RjUL |
| 005 - DATE AND TIME OF LATEST TRANSACTION | |
| control field | 20211209052034.0 |
| 008 - FIXED-LENGTH DATA ELEMENTS--GENERAL INFORMATION | |
| fixed length control field | 140510r19641957enka b 001 0 eng |
| 035 ## - SYSTEM CONTROL NUMBER | |
| System control number | (BD-RjUL)33742 |
| System control number | (OCoLC)1225198 |
| 040 ## - CATALOGING SOURCE | |
| Original cataloging agency | DLC |
| Transcribing agency | FO |
| Modifying agency | BD-RjUL |
| Language of cataloging | eng |
| 041 ## - LANGUAGE CODE | |
| Language code of text/sound track or separate title | eng |
| 082 00 - DEWEY DECIMAL CLASSIFICATION NUMBER | |
| Classification number | 301.2 |
| Author mark and year | MAN 1964 |
| 245 00 - TITLE STATEMENT | |
| Title | Man and culture : |
| Remainder of title | an evaluation of the work of Bronislaw Malinowski / |
| 260 ## - PUBLICATION, DISTRIBUTION, ETC. (IMPRINT) | |
| Place of publication, distribution, etc. | London : |
| Name of publisher, distributor, etc. | Routledge & K. Paul |
| Date of publication, distribution, etc. | c1957 [Printing 1964]. |
| 300 ## - PHYSICAL DESCRIPTION | |
| Pagination | 292 p. : |
| Illustrations | illus. ; |
| Size | 23 cm. |
| 504 ## - BIBLIOGRAPHY, ETC. NOTE | |
| Bibliography, etc | Bibliography: p. 265-283. |
| Bibliography, etc | Includes index. |
| 600 10 - SUBJECT ADDED ENTRY--PERSONAL NAME | |
| Personal name | Malinowski, Bronislaw, |
| Dates associated with a name | 1884-1942. |
| 650 #0 - SUBJECT ADDED ENTRY--TOPICAL TERM | |
| Topical term or geographic name as entry element | Ethnology. |
| 9 (RLIN) | 102167 |
| 700 1# - ADDED ENTRY--PERSONAL NAME | |
| Personal name | Firth, Raymond, |
| Dates associated with a name | 1901-2002. |
| 942 ## - ADDED ENTRY ELEMENTS (KOHA) | |
| Source of classification or shelving scheme | Dewey Decimal Classification |
| Koha item type | Books |
| Lost status | Source of classification or shelving scheme | Damaged status | Not for loan | Collection code | Permanent Location | Current Location | Shelving location | Date acquired | Source of acquisition | Cost, normal purchase price | Total Checkouts | Full call number | Date last seen | Copy number | Koha item type | Total Renewals | Date checked out |
|---|---|---|---|---|---|---|---|---|---|---|---|---|---|---|---|---|---|
| Dewey Decimal Classification | Not For Loan | Non-fiction | Central Library, University of Rajshahi | Central Library, University of Rajshahi | Reading Room | 20/03/1965 | Euro-Pak | 12.18 | 301.2 MAN 1964 | 10/05/2014 | C-1 | Books | |||||
| Dewey Decimal Classification | Non-fiction | Central Library, University of Rajshahi | Central Library, University of Rajshahi | 23/06/1965 | Euro-Pak | 26.00 | 301.2 MAN 1963 | 11/05/2014 | C-10 | Books | |||||||
| Dewey Decimal Classification | Non-fiction | Central Library, University of Rajshahi | Central Library, University of Rajshahi | 20/03/1965 | Euro Pak | 0.00 | 301.2 MAN 1964 | 14/05/2014 | C-2 | Books | |||||||
| Dewey Decimal Classification | Non-fiction | Central Library, University of Rajshahi | Central Library, University of Rajshahi | 20/03/1965 | Euro Pak | 0.00 | 1 | 301.2 MAN 1964 | 27/07/2017 | C-9 | Books | 1 | 25/03/2015 | ||||
| Dewey Decimal Classification | Non-fiction | Central Library, University of Rajshahi | Central Library, University of Rajshahi | 23/06/1965 | Euro Pak | 24.00 | 301.2 MAN 1963 | 14/05/2014 | C-6 | Books | |||||||
| Dewey Decimal Classification | Non-fiction | Central Library, University of Rajshahi | Central Library, University of Rajshahi | 31/05/1965 | Euro Park | 25.89 | 301.2 MAN 1963 | 15/05/2014 | C-4 | Books | |||||||
| Dewey Decimal Classification | Non-fiction | Central Library, University of Rajshahi | Central Library, University of Rajshahi | 31/05/1965 | Sweets & Zeitlinger | 32.00 | 301.2 MAN 1963 | 15/05/2014 | C-7 | Books | |||||||
| Dewey Decimal Classification | Non-fiction | Central Library, University of Rajshahi | Central Library, University of Rajshahi | 31/05/1965 | Euro Park | 25.89 | 301.2 MAN 1963 | 17/05/2014 | C-5 | Books | |||||||
| Dewey Decimal Classification | Non-fiction | Central Library, University of Rajshahi | Central Library, University of Rajshahi | 31/05/1965 | Sweets & Zeitlinger | 32.00 | 301.2 MAN 1963 | 17/05/2014 | C-8 | Books | |||||||
| Dewey Decimal Classification | Non-fiction | Central Library, University of Rajshahi | Central Library, University of Rajshahi | 20/03/1965 | Euro Park | 301.2 MAN 1964 | 17/05/2014 | C-3 | Books |